000 00740nam a2200229 a 4500
999 _c5700
_d5700
001 5700
003 BD-JhCC
005 20190912090202.0
008 171219s2015 bg |||| |||| 000 0 ben d
020 _a9847112020
035 _a(BD-JhCC)5700
040 _aBD-JhCC
_dBD-JhCC
041 _aben
082 _a954.92
_bGAN 2015
245 _aগণপরিষদ ও সংসদে বঙ্গবন্ধু /
_cআনু মাহমুদ সম্পাদিত
260 _aঢাকা :
_bন্যাশনাল পাবলিকেন্স,
_c২০১৫.
300 _a287 p. :
_c21 cm.
650 _aPolitical And Government
_zBangladesn
700 _aমাহমুদ, আনু
942 _2ddc
_cBK